Mission tiger rescue : (Record no. 198)

MARC details
000 -LEADER
fixed length control field 01234nam a22003737a 4500
001 - CONTROL NUMBER
control field 198
003 - CONTROL NUMBER IDENTIFIER
control field FISKH
005 - DATE AND TIME OF LATEST TRANSACTION
control field 20231211160313.0
008 - FIXED-LENGTH DATA ELEMENTS--GENERAL INFORMATION
fixed length control field 230303b cb ||||| |||| 00| 0 eng d
010 ## - LIBRARY OF CONGRESS CONTROL NUMBER
LC control number 2015013149
040 ## - CATALOGING SOURCE
Original cataloging agency DLC
Language of cataloging eng
Transcribing agency DLC
Description conventions rda
Modifying agency DLC
-- FISKH
042 ## - AUTHENTICATION CODE
Authentication code pcc
050 00 - LIBRARY OF CONGRESS CALL NUMBER
Classification number QL737.C23
Item number J39 2015
082 00 - DEWEY DECIMAL CLASSIFICATION NUMBER
Classification number 599.756
Edition number 23
100 1# - MAIN ENTRY--PERSONAL NAME
Personal name Jazynka, Kitson.
245 10 - TITLE STATEMENT
Title Mission tiger rescue :
Remainder of title all about tigers and how to save them /
Statement of responsibility, etc. Kitson Jazynka with National Geographic Explorer Daniel Raven-Ellison.
246 30 - VARYING FORM OF TITLE
Title proper/short title Tiger rescue
264 #1 - PRODUCTION, PUBLICATION, DISTRIBUTION, MANUFACTURE, AND COPYRIGHT NOTICE
Place of production, publication, distribution, manufacture Washington, D.C. :
Name of producer, publisher, distributor, manufacturer National Geographic Society,
Date of production, publication, distribution, manufacture, or copyright notice 2015
300 ## - PHYSICAL DESCRIPTION
Extent 112 p. :
Other physical details illustrations (chiefly color), color map ;
Dimensions 28 cm.
336 ## - CONTENT TYPE
Content type term text
Source rdacontent
337 ## - MEDIA TYPE
Media type term unmediated
Source rdamedia
338 ## - CARRIER TYPE
Carrier type term volume
Source rdacarrier
490 0# - SERIES STATEMENT
Series statement Mission: animal rescue
490 0# - SERIES STATEMENT
Series statement National Geographic Kids
504 ## - BIBLIOGRAPHY, ETC. NOTE
Bibliography, etc. note Includes bibliographical references and index.
505 ## - FORMATTED CONTENTS NOTE
Formatted contents note Z1
521 8# - TARGET AUDIENCE NOTE
Target audience note 1110 <br/><br/><br/>
Source Lexile
521 8# - TARGET AUDIENCE NOTE
Target audience note Z1
Source Raz-Plus
650 #0 - SUBJECT ADDED ENTRY--TOPICAL TERM
Topical term or geographic name entry element Tiger
Form subdivision Juvenile literature.
700 1# - ADDED ENTRY--PERSONAL NAME
Personal name Raven-Ellison, Daniel,
Relator term author.
730 0# - ADDED ENTRY--UNIFORM TITLE
Uniform title National geographic.
906 ## - LOCAL DATA ELEMENT F, LDF (RLIN)
a 7
b cbc
c orignew
d 1
e ecip
f 20
g y-gencatlg
942 ## - ADDED ENTRY ELEMENTS (KOHA)
Source of classification or shelving scheme Dewey Decimal Classification
Koha item type Books
Suppress in OPAC No
Holdings
Withdrawn status Lost status Source of classification or shelving scheme Damaged status Not for loan Collection Home library Current library Shelving location Date acquired Total Checkouts Full call number Barcode Date last seen Date last checked out Price effective from Koha item type
    Dewey Decimal Classification     Non-Fiction Footprints International School Library Network Toul Kork Campus Footprints International School Library Network Toul Kork Campus   03/03/2023 1 JAZ 599.756 QL737.C23 FISTK05579 02/06/2024 01/25/2024 03/03/2023 Books